Statistics for US National Parks by Google Maps Description

Click here to take the quiz!

General Stats

  • This quiz has been taken 27 times
  • The average score is 10 of 12

Answer Stats

DescriptionPark% Correct
This 6 million-acre park with wildlife & tours is home to the nation’s highest peak.Denali
100%
Tropical wetlands offering up-close views of gators, crocs, birds & more plus a 2-hour tram tour.Everglades
100%
Renowned park since 1872 is home to mountains, animals & the world's largest collection of geysers.Yellowstone
100%
183,224-acre park containing America's deepest lake, striking geologic features & a historic lodge.Crater Lake
88%
Besides tours & trails in the world’s longest cave, this park with 2 rivers offers camping & hiking.Mammoth Cave
88%
263,000-acre wilderness around Washington's highest peak encompassing wildflower meadows & glaciers.Mount Rainier
83%
Mostly water, this remote park features abundant marine & bird life plus a 19th-century fort.Dry Tortugas
75%
Curved, 630-ft. monument celebrating US western expansion, with views from the top & a museum.Gateway Arch
75%
Scenic views, hiking trails & picnic areas are offered at this home of the country's largest cacti.Saguaro
75%
Vast national park with over 3.4 million acres of desert & mountains for hiking, camping & biking.Death Valley
67%
Designated as wilderness, this archipelago offers hiking, kayaking & scuba diving in Lake Superior.Isle Royale
67%
Blue Ridge park encompassing 200,000 acres of forest, trails, waterfalls & Skyline Drive vistas.Shenandoah
63%

Score Distribution

Percentile by Number Answered

Percent of People with Each Score

Your Score History

You have not taken this quiz